Online
Catalog

Usos de la imaginación / (Record no. 7417)

MARC details
000 -CABECERA
campo de control de longitud fija 01532cam a2200289 a 4500
001 - NÚMERO DE CONTROL
campo de control 000007637
005 - FECHA Y HORA DE LA ÚLTIMA TRANSACCIÓN
campo de control 20200929154236.0
008 - DATOS DE LONGITUD FIJA--INFORMACIÓN GENERAL
campo de control de longitud fija 841214s1984 ag b 001 0 spa
020 ## - NÚMERO INTERNACIONAL ESTÁNDAR DEL LIBRO
Número Internacional Estándar del Libro 9504300960
040 ## - FUENTE DE LA CATALOGACIÓN
Centro catalogador/agencia de origen DO-SdBNP
Centro/agencia transcriptor DLC
Centro/agencia modificador DLC
082 ## - NÚMERO DE LA CLASIFICACIÓN DECIMAL DEWEY
Número de clasificación C864.44
Número de documento/Ítem C657u
049 ## - FONDOS LOCALES (OCLC)
Fondos de biblioteca BNGR
100 1# - ENTRADA PRINCIPAL--NOMBRE DE PERSONA
Nombre de persona Cobo Borda, J. G.,
Fechas asociadas al nombre 1948-
9 (RLIN) 19184
245 10 - MENCIÓN DE TÍTULO
Título Usos de la imaginación /
Mención de responsabilidad, etc. Cobo Borda, De Ruschi, Herrera.
260 ## - PUBLICACIÓN, DISTRIBUCIÓN, ETC.
Lugar de publicación, distribución, etc. Argentina :
Nombre del editor, distribuidor, etc. El Imaginero,
Fecha de publicación, distribución, etc. 1984.
300 ## - DESCRIPCIÓN FÍSICA
Extensión 164 p. ;
Dimensiones 20 cm.
490 1# - MENCIÓN DE SERIE
Mención de serie El Imaginero
490 1# - MENCIÓN DE SERIE
Mención de serie Cuadernos de poesía y Crítica.
504 ## - NOTA DE BIBLIOGRAFÍA, ETC.
Nota de bibliografía, etc. Bibliografía: p. 161-163.
505 0# - NOTA DE CONTENIDO CON FORMATO
Nota de contenido con formato Vueltas en redondo en Torno a G. García Márquez; Argentina Poesía / JG Cobo Borda - El ropaje y la musica: un ensayo sobre Jaime Sáenz / Maria Julia de Ruschi Crespo - La poesía de los limites y los limites de la poesía, lo negro, lo esteril, lo fragmentado: un ensayo sobre Alejandra Pizarnik; El culpable: un ensayo sobre César Vallejo, Muerte sin fin: un ensayo sobre José Gorostiza - El Petrificado y la nieve: un ensayo sobre Xavier Villaurrutia; En el gran patio del desasimiento: un ensayo sobre Ricardo E. Molinari; Hacia la utopía sangrante: un ensayo sobre Francisco Madariaga / Ricardo H. Herrera.
650 #4 - PUNTO DE ACCESO ADICIONAL DE MATERIA--TÉRMINO DE MATERIA
Término de materia o nombre geográfico como elemento de entrada Ensayos colombianos
9 (RLIN) 14811
650 #4 - PUNTO DE ACCESO ADICIONAL DE MATERIA--TÉRMINO DE MATERIA
Término de materia o nombre geográfico como elemento de entrada Literatura colombiana
9 (RLIN) 1244
700 1# - PUNTO DE ACCESO ADICIONAL--NOMBRE DE PERSONA
Nombre de persona Ruschi Crespo, María Julia de.
9 (RLIN) 21187
700 1# - PUNTO DE ACCESO ADICIONAL--NOMBRE DE PERSONA
Nombre de persona Herrera, Ricardo H.
9 (RLIN) 21188
830 #0 - PUNTO DE ACCESO ADICIONAL DE SERIE-TÍTULO UNIFORME
Título uniforme Imaginero ;
Nombre de parte o sección de la obra cuadernos de poesía y Crítica.
9 (RLIN) 21189
910 ## - DATOS DE OPCIÓN DEL USUARIO (OCLC)
Datos de opción del usuario Catalogación por copia / LC
Holdings
Estado de retiro Estado de pérdida Restricciones de uso No para préstamo Código de colección Localización permanente Ubicación/localización actual Ubicación en estantería Fecha de adquisición Número de inventario Total de préstamos Signatura topográfica completa Código de barras Fecha visto por última vez Precio válido a partir de Tipo de ítem Koha
    Préstamo interno   Monografías: Libros y Folletos General General En catalogación 09.09.2009 LF1   C864.44 C657u 7637-10 25.06.2020 25.06.2020 Préstamo interno

Powered by Koha